Statistics for NFL - Top 30 Runningbacks 2023-2024

Click here to take the quiz!

General Stats

  • This quiz has been taken 106 times
  • The average score is 21 of 30

Answer Stats

HintAnswer% Correct
1.Christian McCaffrey
96%
4.Derrick Henry
90%
2.Nick Chubb
84%
18.James Cook
79%
23.David Montgomery
78%
7.Saquon Barkley
78%
24.Isiah Pacheco
76%
20.Jahmyr Gibbs
76%
8.Bijan Robinson
75%
26.Najee Harris
75%
12.Tony Pollard
75%
14.Aaron Jones
74%
6.Alvin Kamara
73%
29.Brian Robinson
73%
11.D’Andre Swift
73%
5.Josh Jacobs
73%
25.Kyren Williams
70%
17.Raheem Mostert
70%
22.Joe Mixon
69%
15.Kenneth Walker III
69%
3.Jonathan Taylor
68%
13.Austin Ekeler
66%
16.Travis Etienne Jr.
66%
9.Breece Hall
61%
19.James Conner
61%
10.De’Von Achane
60%
27.Rhamondre Stevenson
54%
21.Jaylen Warren
40%
28.Khalil Herbert
39%
30.Zack Moss
21%

Score Distribution

Percentile by Number Answered

Percent of People with Each Score

Your Score History

You have not taken this quiz